ბათუმის შოთა რუსთაველის სახელმწიფო უნივერსიტეტის ბიბლიოთეკა

Философия образования (ბიბ.ჩანაწერი № 35207)

000 -LEADER
fixed length control field 00590nam a2200241Ia 4500
001 - CONTROL NUMBER
control field 1053
003 - CONTROL NUMBER IDENTIFIER
control field GE_BSU
008 - FIXED-LENGTH DATA ELEMENTS--GENERAL INFORMATION
fixed length control field 181216s||||||||xx |||||||||||||| ||und||
020 ## - INTERNATIONAL STANDARD BOOK NUMBER
International Standard Book Number 978911804466
040 ## - CATALOGING SOURCE
Transcribing agency GE_BSU
080 ## - UNIVERSAL DECIMAL CLASSIFICATION NUMBER
Universal Decimal Classification number 37.013.73(075.8)
100 ## - MAIN ENTRY--PERSONAL NAME
Personal name Сидоров,Н.Р.
245 ## - TITLE STATEMENT
Title Философия образования
245 ## - TITLE STATEMENT
Remainder of title Введение
260 ## - PUBLICATION, DISTRIBUTION, ETC.
Place of publication, distribution, etc. СПБ
260 ## - PUBLICATION, DISTRIBUTION, ETC.
Name of publisher, distributor, etc. Питер
260 ## - PUBLICATION, DISTRIBUTION, ETC.
Date of publication, distribution, etc. 2007
300 ## - PHYSICAL DESCRIPTION
Extent 304стр.
653 ## - INDEX TERM--UNCONTROLLED
Uncontrolled term философия
653 ## - INDEX TERM--UNCONTROLLED
Uncontrolled term Философия образования
942 ## - ADDED ENTRY ELEMENTS (KOHA)
Koha item type წიგნი
ეგზემპლარები
Withdrawn status Lost status Damaged status Not for loan Date acquired Barcode Date last seen Price effective from Koha item type
        2018-12-17 1621 2018-12-17 2018-12-17 წიგნი